000 00516nam a22001817a 4500
003 CEME
005 20210628202510.0
008 210122b xxu||||| |||| 00| 0 eng d
020 _a0-7506-7603-5
040 _c.
082 _a621.406 ROU
100 _aRound, George . F
_960166
245 _aIncompressible flow turbomachines design, selection, applications, and theory
260 _aNEW YORK
_bELSEVIER
_c2004
300 _aXXII,341 P
650 _aINCOMPRESSIBLE FLOW TURBOMACHINES
_960167
942 _cBK
_2ddc
999 _c569968
_d569968